Catalog

Record Details

Catalog Search



Biscuit's puppy sleepover / story by Alyssa Satin ... Read More

Available copies

  • 5 of 8 copies available at LARL/NWRL Consortium.
  • 2 of 3 copies available at Lake Agassiz Regional Library. (Show preferred library)

Current holds

0 current holds with 8 total copies.

Show Only Available Copies
Location Call Number / Copy Notes Barcode Shelving Location Status Due Date
Crookston Public Library EASY READER E C (Text) 33500014209324 New Available -
Detroit Lakes Public Library EASY READER E C (Text) 33500013948252 New Available -
Fosston Public Library EASY READER E C (Text) 33500014209316 New Checked out 05/20/2026
Godel Memorial-Warren Library e CAP (Text) 35500006856338 Main Checked out 06/17/2026
Greenbush Public Library e CAP (Text) 35500006856320 Main Available -
Hallock Public Library e CAP (Text) 35500006856346 Main Available -
Red Lake Falls Public Library e CAP (Text) 35500006856312 Main Available -
Warroad Public Library e CAP (Text) 35500006856353 Main Checked out 05/19/2026

Record details

  • ISBN: 9780063266681
  • ISBN: 0063266687
  • ISBN: 9780063266674
  • ISBN: 0063266679
  • Physical Description: 29 pages : color illustrations ; 24 cm.
  • Edition: First edition.
  • Publisher: New York : Harper, [2025]

Content descriptions

Summary, etc.:
"When Biscuit, the curious little puppy, and his ... Read More
Subject: Biscuit (Fictitious character) > Juvenile fiction.
Dogs > Juvenile fiction.
Sleepovers > Juvenile fiction.
Stuffed animals (Toys) > Juvenile fiction.
Dogs > Fiction.
Sleepovers > Fiction.
Stuffed animals (Toys) > Fiction.
Picture books.
Genre: Picture books.
Readers (Publications)
LDR 02401cam a2200553 i 4500
001461194
003LARL_NWRL_CONSORTIUM
00520250418134620.0
008250408t20252025nyua b 000 1 eng d
010 . ‡abl2025045100
040 . ‡aNjBwBT ‡beng ‡erda ‡cYOL ‡dYOL ‡dOCLCO ‡dOCO ‡dOCLCO
020 . ‡a9780063266681 ‡q(hardcover)
020 . ‡a0063266687 ‡q(hardcover)
020 . ‡a9780063266674 ‡q(paperback)
020 . ‡a0063266679 ‡q(paperback)
035 . ‡a(OCoLC)1513835179
08204. ‡a[E] ‡223/eng/20250407
1001 . ‡aCapucilli, Alyssa Satin, ‡d1957- ‡eauthor. ‡1https://id.oclc.org/worldcat/entity/E39PBJmtwb6mfbCVvfppP8Tj4q ‡0(LARL_NWRL_CONSORTIUM)108951
24510. ‡aBiscuit's puppy sleepover / ‡cstory by Alyssa Satin Capucilli ; pictures by Rose Mary Berlin in the style of Pat Schories.
250 . ‡aFirst edition.
264 1. ‡aNew York : ‡bHarper, ‡c[2025]
264 4. ‡c©2025
300 . ‡a29 pages : ‡bcolor illustrations ; ‡c24 cm.
336 . ‡atext ‡btxt ‡2rdacontent
336 . ‡astill image ‡bsti ‡2rdacontent
337 . ‡aunmediated ‡bn ‡2rdamedia
338 . ‡avolume ‡bnc ‡2rdacarrier
4900 . ‡aBiscuit
4900 . ‡aI can read! My first
520 . ‡a"When Biscuit, the curious little puppy, and his Little Girl have a sleepover, there's loads of puppy fun! Sleepovers are the best, especially with other puppy friends! But will Biscuit the little yellow puppy be able to find a stuffed animal to sleep with?"-- ‡cProvided by publisher.
60000. ‡aBiscuit ‡c(Fictitious character) ‡vJuvenile fiction.
650 0. ‡aDogs ‡vJuvenile fiction. ‡0(LARL_NWRL_CONSORTIUM)164650
650 0. ‡aSleepovers ‡vJuvenile fiction.
650 0. ‡aStuffed animals (Toys) ‡vJuvenile fiction.
650 1. ‡aDogs ‡vFiction. ‡0(LARL_NWRL_CONSORTIUM)164539
650 1. ‡aSleepovers ‡vFiction.
650 1. ‡aStuffed animals (Toys) ‡vFiction.
650 1. ‡aPicture books. ‡0(LARL_NWRL_CONSORTIUM)28193
655 7. ‡aPicture books. ‡2lcgft
655 7. ‡aReaders (Publications) ‡2lcgft
7001 . ‡aBerlin, Rose Mary, ‡eillustrator. ‡0(LARL_NWRL_CONSORTIUM)184635
901 . ‡a461194 ‡bAUTOGEN ‡c461194 ‡tbiblio

Additional Resources